| 000 | 00972nam a2200229Ia 4500 | ||
|---|---|---|---|
| 999 |
_c38003 _d38003 |
||
| 001 | 3987 | ||
| 003 | GE_BSU | ||
| 005 | 20190909162049.0 | ||
| 008 | 181216s1986||||ge |||||||||||||| ||geo|| | ||
| 040 | _cGE_BSU | ||
| 041 | _ageo | ||
| 080 | _a37.01(075.8) ჯ–42 | ||
| 100 |
_aჯიბლაძე, გიორგი _9881 |
||
| 245 |
_aუმაღლესი სკოლის პედაგოგიკა როგორც მეცნიერება : _cსაქ. სსრ მეცნ. აკად. |
||
| 264 |
_aთბ. : _bმეცნიერება, _c1986. |
||
| 300 |
_a58 გვ. ; _b21 სმ. |
||
| 500 | _aთავფურ. და ტექსტი ქართ. რუს. ინგ. და ფრანგ. ენ. | ||
| 653 | _aპედაგოგიკა | ||
| 653 | _aუმაღლესი განათლება | ||
| 710 |
_aსაქ. სსრ მეცნ. აკადემია _93935 |
||
| 942 |
_cBK _2udc |
||